| 000 | 00956cab a2200265 4500 | ||
|---|---|---|---|
| 001 | WB3515-22 | ||
| 008 | 090401t1999 xxu||||| |||| 00| 0 eng d | ||
| 035 | _a(Sirsi) u92889 | ||
| 041 | _aeng | ||
| 245 | _aHope for landlords and tenants | ||
| 260 | _c1999 | ||
| 350 | _a0 | ||
| 490 |
_aScotsman _v21 April 1999, 30 |
||
| 490 |
_aHerald _v21 April 1999, 26(2) |
||
| 520 | _aThe Scottish Landowners' Federation, in conjunction with the National Farmers' Union, is hoping to put forward a framework for changes in landlord and tenant legislation to the Scottish Parliament by the end of the year. | ||
| 650 | _aPROPERTY-LANDLORD AND TENANT-TENANCIES-AGRICULTURAL TENANCIES | ||
| 650 | _aLAND REFORM | ||
| 650 |
_aLANDLORD AND TENANT _96252 |
||
| 650 | _aNATIONAL FARMERS UNION | ||
| 650 | _aSCOTLAND | ||
| 650 | _aSCOTTISH LANDOWNERS FEDERATION | ||
| 690 | _aLANDLORD AND TENANT-AGRICULTURAL TENANCIES | ||
| 942 | _n0 | ||
| 948 | _c21/04/1999 | ||
| 999 |
_c58879 _d58879 |
||